00617naa a22001457i 45000010005000000030009000050050017000140080041000310400029000721000138001012450064002397730140003039420013004439990015004569507KOSZ 00520180502144542.0180329s1999 pl ||||f |||| 00| 0upol d a005 KOSZ/ARc005 KOSZ/AR1 aŻUREK-PYSZ, Urszula.bPolitechnika Koszalińska - Wydział Budownictwa i Inżynierii Środowiska,cKatedra Geotechnikid1996 - .10aNawet ptakom potrzebna jest ziemia /cUrszula Żurek-Pysz. iW :tNa Temat : pismo Politechniki Koszalińskiej. -dKoszalin : Wydawnictwo Politechniki Koszalińskiej. -g1999, nr 2/14x1509-2771 2UKDcART c9507d9507